000 00959cad a22001815a 4500
001 L152038
008 110127s2011 xxk f 000 0 eng d
035 _a(Sirsi) u152038
041 0 _aeng
110 2 _aChartered Institute of Building
_92134
245 0 2 _aA report exploring procurement in the construction industry
_h[electronic resource]
260 _aAscot
_bCIOB
_c2010
520 _aResearch investigating the perception of procurement in the construction industry from the viewpoint of industry professionals; to raise the public and political awareness of the issues surrounding procurement; effects of the recent Comprehensive Spending Review; recommendations on how to overcome obstacles.
651 4 _aUnited Kingdom
_y
690 _aProcurement
_96260
856 4 0 _uhttps://www.ciob.org.uk/sites/ciob.org.uk/files/Procurement%20in%20the%20Construction%20Industry.pdf
_zView the report free of charge (PDF file) at www.ciob.org.uk
942 _n0
999 _c111810
_d111810